000 01081nac a22002651u 4500
008 090407t xxu||||| |||| 00| 0 eng d
010 _a 2005047692
020 _a9780136015895
020 _a0136015891.
035 _a(OCoLC)ocm60321487
082 0 0 _a332.645
_bHUL
_220
100 _aHull, John,
_93231
245 1 0 _aOptions, futures, and other derivatives:
_cJohn C. Hull.
_bStudent Solution Manual /
250 _a7th ed.
260 _aUpper Saddle River, N.J. :
_bPearson/Prentice Hall,2006
_c2008.
300 _axxii, 789 p. :
_bill. ;
_c26 cm +
_e1 CD-ROM (4 3/4 in.).
500 _aAcademic Staff Only.
504 _aIncludes bibliographical references and index.
650 0 _aFutures.
_93232
650 0 _aStock options.
_93233
650 0 _aDerivative securities.
_93234
856 4 1 _3Table of contents only
_uhttp://www.loc.gov/catdir/toc/fy0608/2005047692.html
942 _cBB
_k332.645HUL
_2ddc
999 _c11204
_d11204